Statistics for Cities with the most Tourists

Click here to take the quiz!

General Stats

  • This quiz has been taken 123 times
  • The average score is 5 of 10

Answer Stats

# of visitorsCity% Correct
9.7 millionNew York City
97%
15.1 millionParis
95%
14.6 millionLondon
91%
8.4 millionHong Kong
46%
6.9 millionIstanbul
46%
7.2 millionBangkok
43%
9.2 millionSingapore
41%
8.3 millionDubai
38%
8.9 millionKuala Lumpur
26%
9.2 millionAntalya (Turkey)
2%

Score Distribution

Percentile by Number Answered

Percent of People with Each Score

Your Score History

You have not taken this quiz